| 000 | 00613cam a22002057i 4500 | ||
|---|---|---|---|
| 001 | 22832437 | ||
| 005 | 20250512100249.0 | ||
| 008 | 221018s2022 ke 000 1 eng | ||
| 010 | _a 2022322800 | ||
| 020 | _a9789966657534 | ||
| 040 |
_aDLC _beng _erda _cDLC |
||
| 042 | _alcode | ||
| 050 | 0 | 0 | _aPS 3602 .L32 2023 |
| 100 | 1 |
_aLara, John, _eauthor. |
|
| 245 | 1 | 4 |
_aThe Samaritan / _cby John Lara. |
| 260 |
_aNairobi: _bKenya Literature Bureau, _c2023 |
||
| 300 |
_aiv, 140 pages ; _c18 cm |
||
| 906 |
_a7 _bcbc _corigode _d4 _encip _f20 _gy-gencatlg |
||
| 942 |
_2lcc _cAFRICANA _hPS 3602 .L32 2023 |
||
| 999 |
_c32233 _d32233 |
||